Agentes sociales en la práctica de actividad física de los adolescentes escolares en el distrito educativo 07-07, año escolar 2023-2024 / (Record no. 13459)

MARC details
000 -LEADER
campo de control de longitud fija 01869nmm a22003494i 4500
001 - NÚMERO DE CONTROL
campo de control 35190
003 - IDENTIFICADOR DE NÚMERO DE CONTROL
campo de control DO-SdISF
005 - FECHA Y HORA DE LA ÚLTIMA TRANSACCIÓN
campo de control 20250702135814.0
007 - CAMPO FIJO DE DESCRIPCIÓN FÍSICA--INFORMACIÓN GENERAL
campo de control de longitud fija ta
008 - DATOS DE LONGITUD FIJA--INFORMACIÓN GENERAL
campo de control de longitud fija 240529s2024 dr ||||fo||d| 00| 0 spa d
040 ## - FUENTE DE CATALOGACIÓN
Centro catalogador/agencia de origen DO-CGIP0051
Lengua de catalogación spa
Normas de descripción rda
Centro/agencia transcriptor DO-CGIP0051
100 1# - ENTRADA PRINCIPAL--NOMBRE DE PERSONA
Nombre de persona López Acosta, Douglas Johnattan
Término indicativo de función/relación autor
9 (RLIN) 34132
245 10 - MENCIÓN DEL TÍTULO
Título Agentes sociales en la práctica de actividad física de los adolescentes escolares en el distrito educativo 07-07, año escolar 2023-2024 /<br/>
Mención de responsabilidad, etc. sustentada por: Douglas Johnattan López Acosta ; asesor: Luis Miguel Pacheco Ferreira
264 #1 - PRODUCCIÓN, PUBLICACIÓN, DISTRIBUCIÓN, FABRICACIÓN Y COPYRIGHT
Producción, publicación, distribución, fabricación y copyright Santiago de los Caballeros :
Nombre del de productor, editor, distribuidor, fabricante ISFODOSU,
Fecha de producción, publicación, distribución, fabricación o copyright 2024
300 ## - DESCRIPCIÓN FÍSICA
Extensión 1 recurso en línea (93 páginas) :
Otras características físicas ilustraciones
336 ## - TIPO DE CONTENIDO
Fuente rdacontent
Término de tipo de contenido texto
Código de tipo de contenido txt
337 ## - TIPO DE MEDIO
Nombre/término del tipo de medio Computadora
Código del tipo de medio c
Fuente rdamedia
338 ## - TIPO DE SOPORTE
Nombre/término del tipo de soporte recurso en línea
Código del tipo de soporte cr
Fuente rdacarrier
347 ## - CARACTERÍSTICAS DEL ARCHIVO DIGITAL
Fuente rda
Tipo de archivo archivo de texto
Formato de codificación PDF
502 ## - NOTA DE TESIS
Nota de tesis Tesis para optar por el título de Maestría en Educación Física Integral - Instituto Superior de Formación Docente Salomé Ureña - ISFODOSU, Recinto LNNM, 2024.
504 ## - NOTA DE BIBLIOGRAFÍA, ETC.
Nota de bibliografía, etc. Nota Referencias bibliográficas en página 61.
505 2# - NOTA DE CONTENIDO CON FORMATO
Nota de contenido con formato Introducción -- Marco teórico -- La metodología -- Resultados -- Discusión de los resultados -- Conclusiones -- Recomendaciones -- Anexos.
610 24 - PUNTO DE ACCESO ADICIONAL DE MATERIA--NOMBRE DE ENTIDAD CORPORATIVA
Nombre de entidad corporativa o nombre de jurisdicción como elemento de entrada Instituto Superior de Formación Docente Salomé Ureña
Subdivisión de forma Tesis
Fuente del encabezamiento o término armarc
9 (RLIN) 20677
650 14 - PUNTO DE ACCESO ADICIONAL DE MATERIA--TÉRMINO DE MATERIA
Término de materia o nombre geográfico como elemento de entrada Educación física
Fuente del encabezamiento o término armarc
Subdivisión general Enseñanza
9 (RLIN) 3852
650 17 - PUNTO DE ACCESO ADICIONAL DE MATERIA--TÉRMINO DE MATERIA
Término de materia o nombre geográfico como elemento de entrada Educación secundaria
Fuente del encabezamiento o término armarc
Subdivisión geográfica República Dominicana
9 (RLIN) 3888
650 17 - PUNTO DE ACCESO ADICIONAL DE MATERIA--TÉRMINO DE MATERIA
Término de materia o nombre geográfico como elemento de entrada Ejercicio para jóvenes
Subdivisión general Aspectos sociales
Fuente del encabezamiento o término armarc
9 (RLIN) 24502
650 14 - PUNTO DE ACCESO ADICIONAL DE MATERIA--TÉRMINO DE MATERIA
Término de materia o nombre geográfico como elemento de entrada Adolescentes
9 (RLIN) 867
650 14 - PUNTO DE ACCESO ADICIONAL DE MATERIA--TÉRMINO DE MATERIA
Término de materia o nombre geográfico como elemento de entrada Salud escolar
9 (RLIN) 9464
700 1# - ENTRADA AGREGADA--NOMBRE PERSONAL
Nombre de persona Pacheco Ferreira, Luis Miguel
9 (RLIN) 31269
Término indicativo de función/relación asesor
856 ## - LOCALIZACIÓN Y ACCESO ELECTRÓNICOS
Texto de enlace Clic para ver Texto Completo
Identificador Uniforme de Recurso <a href="https://biblioteca.isfodosu.edu.do/cgi-bin/koha/opac-retrieve-file.pl?id=c24d3891ed810437bd1bf631373ccc5a">https://biblioteca.isfodosu.edu.do/cgi-bin/koha/opac-retrieve-file.pl?id=c24d3891ed810437bd1bf631373ccc5a</a>
942 ## - ELEMENTOS DE ENTRADA SECUNDARIOS (KOHA)
Fuente de la clasificación o esquema de estantería
Tipo de ítem Koha
Holdings
Estatus retirado Estado de pérdida Fuente de la clasificación o esquema de estantería Estado de daño No para préstamo Biblioteca de origen Biblioteca actual Fecha de adquisición Total de préstamos Visto por última vez Precio de reemplazo Tipo de ítem Koha
    Clasificación Decimal Dewey     Repositorio INERED Repositorio INERED 02/07/2025   02/07/2025 02/07/2025 Tesis digital

© 2024. Todos los Derechos Reservados. Desarrollado por IDEICE